[Event "La Balanguera Nadal op"]
[Site "La Balanguera"]
[Date "2021.12.12"]
[Round "5"]
[White "Cerdo Fernandez, Miguel"]
[Black "Bimbo Vich, Lluc"]
[Result "1-0"]
[WhiteElo "1837"]
[BlackElo "1787"]
[PlyCount "52"]
[EventDate "2021.12.10"]
[EventType "swiss"]
[EventRounds "5"]
[EventCountry "ESP"]
[SourceTitle "EXT 2023"]
[Source "ChessBase"]
[SourceDate "2022.10.05"]
[SourceVersion "1"]
[SourceVersionDate "2022.10.05"]
[SourceQuality "1"]

1. e4 c5 2. Nf3 d6 3. d4 cxd4 4. Nxd4 Nf6 5. Nc3 a6 6. Bg5 e6 7. f4 Qb6 8. Nb3 Be7 9. Qf3 Nbd7 10. 0-0-0 Qc7 11. g4 b5 12. Bxf6 Bxf6 13. Bxb5 axb5 14. Nxb5 Qb8 15. Nxd6+ Kf8 16. e5 Nxe5 17. fxe5 Bg5+ 18. Kb1 Ra7 19. h4 Bd8 20. Rhf1 f6 21. exf6 gxf6 22. Qc3 Rg7 23. Ne4 Ba6 24. Rxf6+ Bxf6 25. Nxf6 Ke7 26. Rd7+ Kf8 1-0

[Event "Calvia Amateur op 17th"]
[Site "Calvia"]
[Date "2020.10.11"]
[Round "2"]
[White "Bimbo Vich, Lluc"]
[Black "Galiana Salom, Juan Ramon"]
[Result "0-1"]
[WhiteElo "1758"]
[BlackElo "2248"]
[PlyCount "98"]
[EventDate "2020.10.10"]
[EventType "swiss"]
[EventRounds "9"]
[EventCountry "ESP"]
[SourceTitle "CBM 198 Extra"]
[Source "ChessBase"]
[SourceDate "2020.11.30"]
[SourceVersion "1"]
[SourceVersionDate "2020.11.30"]
[SourceQuality "1"]

1. g3 d5 2. Bg2 Nf6 3. Nf3 Bf5 4. 0-0 e6 5. d3 c5 6. c4 Nc6 7. cxd5 exd5 8. Nh4 Bg4 9. h3 Be6 10. e4 Be7 11. f4 dxe4 12. dxe4 Qb6 13. Nc3 Rd8 14. Qa4 Rd4 15. Qb5 Qc7 16. b3 0-0 17. Be3 Rdd8 18. Bxc5 Nd4 19. Bxd4 Rxd4 20. Rac1 Qb8 21. Nf5 Bxf5 22. Qxf5 g6 23. Qb5 a6 24. Qb6 Rd3 25. Rf3 Nd7 26. Qa5 Qa7+ 27. Kh2 Rxf3 28. Bxf3 Qf2+ 29. Bg2 Bh4 30. Ne2 Qxe2 31. gxh4 Nf6 32. Qc3 Nh5 33. Rc2 Qb5 34. Qd2 Qb6 35. Qf2 Qb4 36. Rc4 Qe7 37. Bf1 Rd8 38. Rd4 Rxd4 39. Qxd4 Nxf4 40. Kg3 Ne6 41. Qe5 b5 42. a4 bxa4 43. bxa4 Qa3+ 44. Kh2 Qxa4 45. Qb8+ Kg7 46. Qe5+ Kh6 47. h5 Qc2+ 48. Bg2 Qf2 49. hxg6 Nf4 0-1

[Event "Campos Migjorn op"]
[Site "Campos"]
[Date "2019.09.06"]
[Round "1"]
[White "Bimbo Vich, Lluc"]
[Black "Gabaldon Hernandez, Julian"]
[Result "1-0"]
[WhiteElo "1736"]
[BlackElo "1436"]
[PlyCount "71"]
[EventDate "2019.09.06"]
[EventType "swiss"]
[EventRounds "8"]
[EventCountry "ESP"]
[SourceTitle "EXT 2020"]
[Source "ChessBase"]
[SourceDate "2019.10.17"]
[SourceVersion "1"]
[SourceVersionDate "2019.10.17"]
[SourceQuality "1"]

1. e4 c5 2. d4 cxd4 3. Nf3 Nc6 4. Nxd4 e5 5. Nb5 Nf6 6. N1c3 Bb4 7. Nd6+ Bxd6 8. Qxd6 Qe7 9. Nb5 0-0 10. Bg5 Qxd6 11. Nxd6 Ne8 12. Nf5 Nc7 13. 0-0-0 Ne6 14. Be3 a6 15. h4 b5 16. Nd6 Ncd4 17. c3 Nc6 18. Be2 Nf4 19. Bxf4 exf4 20. Nxc8 Raxc8 21. Rxd7 Ne5 22. Rd5 f6 23. Rhd1 Rb8 24. Rd6 Ra8 25. Rb6 Rfb8 26. Rdd6 Rxb6 27. Rxb6 h6 28. f3 h5 29. a4 bxa4 30. Rxa6 Rxa6 31. Bxa6 Nd7 32. Bb5 Nb6 33. c4 Kf8 34. c5 Na8 35. Bxa4 Ke7 36. b4 1-0

[Event "Mallorca-ch Amateur"]
[Site "Mallorca"]
[Date "2019.04.19"]
[Round "2.6"]
[White "Bimbo Vich, Lluc"]
[Black "Chen Chen, Jinhao"]
[Result "1-0"]
[WhiteElo "1678"]
[BlackElo "1293"]
[PlyCount "21"]
[EventDate "2019.04.19"]
[EventType "swiss"]
[EventRounds "6"]
[EventCountry "ESP"]
[SourceTitle "EXT 2024"]
[Source "ChessBase"]
[SourceDate "2023.10.10"]
[SourceVersion "1"]
[SourceVersionDate "2023.10.10"]
[SourceQuality "1"]

1. d4 d5 2. Bf4 Nf6 3. Nf3 e6 4. e3 Be7 5. Nbd2 c5 6. c3 Nc6 7. Be2 Nh5 8. Bg3 Nxg3 9. hxg3 0-0 10. Qc2 Bd7 11. Qxh7# 1-0

[Event "Mallorca-ch C"]
[Site "Palma de Mallorca"]
[Date "2018.11.17"]
[Round "3.3"]
[White "Garcia Feore, Daniel James"]
[Black "Bimbo Vich, Lluc"]
[Result "0-1"]
[WhiteElo "1434"]
[BlackElo "1633"]
[PlyCount "34"]
[EventDate "2018.11.10"]
[EventType "swiss"]
[EventRounds "6"]
[EventCountry "ESP"]
[SourceTitle "EXT 2024"]
[Source "ChessBase"]
[SourceDate "2023.10.10"]
[SourceVersion "1"]
[SourceVersionDate "2023.10.10"]
[SourceQuality "1"]

1. e4 e5 2. Nf3 Nc6 3. Bc4 Bc5 4. c3 Nf6 5. d3 d6 6. Bb3 Bg4 7. Nbd2 Qe7 8. Nf1 0-0-0 9. Be3 d5 10. Bxc5 Qxc5 11. exd5 Nxd5 12. Bc2 e4 13. dxe4 Nf4 14. N1d2 Nxg2+ 15. Kf1 Nh4 16. Qe2 Ne5 17. Nb3 Bh3+ 0-1

[Event "Mallorca-ch C"]
[Site "Palma de Mallorca"]
[Date "2018.11.10"]
[Round "1.5"]
[White "Payeras Vilella, Pedro"]
[Black "Bimbo Vich, Lluc"]
[Result "1/2-1/2"]
[WhiteElo "1554"]
[BlackElo "1633"]
[PlyCount "63"]
[EventDate "2018.11.10"]
[EventType "swiss"]
[EventRounds "6"]
[EventCountry "ESP"]
[SourceTitle "EXT 2024"]
[Source "ChessBase"]
[SourceDate "2023.10.10"]
[SourceVersion "1"]
[SourceVersionDate "2023.10.10"]
[SourceQuality "1"]

1. e4 e5 2. Nf3 Nc6 3. Bc4 Be7 4. d3 Nf6 5. c3 d6 6. h3 Na5 7. Bb5+ Bd7 8. Bxd7+ Qxd7 9. Nbd2 Nc6 10. Nf1 d5 11. Qc2 dxe4 12. dxe4 0-0-0 13. Ng3 h6 14. Be3 Qd3 15. Qxd3 Rxd3 16. Ke2 Rhd8 17. Rad1 Rxd1 18. Rxd1 Rxd1 19. Kxd1 Kd7 20. Kc2 Ke6 21. Kd3 b6 22. Nf5 Bf8 23. g4 Ne7 24. g5 Nxf5 25. exf5+ Kxf5 26. Nh4+ Ke6 27. gxf6 Kxf6 28. Ke4 Ke6 29. f4 exf4 30. Bd4 g6 31. Ng2 g5 32. a4 1/2-1/2

[Event "Calvia Amateur op 15th"]
[Site "Calvia"]
[Date "2018.10.10"]
[Round "5"]
[White "Bimbo Vich, Lluc"]
[Black "Perez Bolanos, Joel"]
[Result "1-0"]
[WhiteElo "1602"]
[BlackElo "1823"]
[PlyCount "61"]
[EventDate "2018.10.06"]
[EventType "swiss"]
[EventRounds "9"]
[EventCountry "ESP"]
[SourceTitle "CBM 186 Extra"]
[Source "ChessBase"]
[SourceDate "2018.08.24"]
[SourceVersion "1"]
[SourceVersionDate "2018.08.24"]
[SourceQuality "1"]

1. d4 Nf6 2. c4 g6 3. Nc3 d5 4. Bf4 c6 5. Nf3 Bg7 6. cxd5 Nxd5 7. Bg5 Bg4 8. e3 Qa5 9. Qa4 Qxa4 10. Nxa4 Bxf3 11. gxf3 e5 12. dxe5 Bxe5 13. 0-0-0 Nd7 14. Bh3 f6 15. f4 Bd6 16. Bh4 0-0-0 17. Nc3 Nxc3 18. Rxd6 Nd5 19. Bxf6 N5xf6 20. Rxf6 Kc7 21. Rf7 Rhf8 22. Rxh7 Rf6 23. Rd1 Rd6 24. Rxd6 Kxd6 25. Rg7 Nc5 26. Rxg6+ Kd5 27. Rg5+ Kc4 28. Bf1+ Nd3+ 29. Kc2 b5 30. a3 a5 31. b3# 1-0